Регионална библиотека "Любен Каравелов" - Русе

Възход без падение (Запис номер 163584)

MARC детайли
000 -Лидер
Контролно поле с фиксирана дължина 02001nam a2200433 c 4500
003 - Код на организацията, давaща контролен номер
Контролно поле BLK
005 - Дата и час на последна редакция
Контролно поле 20180422113928.0
008 - Елементи от данни с фиксирана дължина
fixed length control field 180410b bul|||||r ||||||| ||bul||
010 ## - Наследен системен номер
LC control number KNG00171037000
020 ## - Международен стандартен номер на книга ISBN
Международен стандартен номер на книга ISBN 978-619-204-008-6
-- издат.: Бълг. писател
040 ## - Източник на каталожния запис
Идентификатор на билиотеката - собственик на записа BLK
041 ## - Код за език
Код за езика на текст/звукозапис или на отделно заглавие Български
Код за езика КДБФ Български
072 #7 - Код за тематичната категория
Код организация bullib
Код за тематична категория Н82
Текст Литературознание Н
080 ## - УДК
Текстов определител УДК Българска литература
УДК код - определител по УДК 821.163.2
УДК определител (092)
УДК - код + определител 821.163.2(092)
080 ## - УДК
Текстов определител УДК Българска литература
УДК код - определител по УДК 821.163.2
УДК определител -31.09
УДК - код + определител 821.163.2-31.09
080 ## - УДК
Текстов определител УДК Пенчо Пенчев Линов. Български писател и драматург
УДК код - определител по УДК 929 Пелинов, Пелин
УДК определител
УДК - код + определител 929 Пелинов, Пелин
100 1# - Редна дума - Автор
Автор Кадиев, Марин Стоянов
Авторска отговорност първи автор
R(LIN) 370293
139 ## - Редно поле
Редна дума Кадиев, Марин Стоянов
Авторски знак Пеи - П 33
245 10 - Сведения за заглавието
Заглавие Възход без падение
Подзаглавни данни Лит.-крит. очерк. ; Анкета
Редно поле (дума) Марин Стоянов Кадиев.
257 ## - Страна на издаване
Страна на създаване/издаване България
260 ## - Област на издателските данни
-- София
Име на издателя, разпространителя и проч. Бълг. писател
Година на издаване 2015
Печатница Благоевград : Бон
300 ## - Физическа характеристика
Страници 263 с.
Илюстрации и др. със сн.
Размери/Мащаб 22 см
380 ## - Жанр
Жанр Литературознание
500 ## - Общи забележки
Забележка Истинското име на Пелин Пелинов е Пенчо Пенчев Линов. - Съдържа и за авт. - Библиогр. под линия.
600 14 - Име на лице, използвано като предмет
За него / За нея Пелинов, Пелин
9 (RLIN) 107875
650 #4 - Допълнително описание по предмет – тема
Основно описание – тема или топоним Пелинов, Пелин
9 (RLIN) 107875
650 #4 - Допълнително описание по предмет – тема
Основно описание – тема или топоним Писатели, български - творчество
9 (RLIN) 250544
651 #4 - Допълнително описание по предмет - топоним
Географско понятие България
9 (RLIN) 241624
653 ## - Ключова дума – ненормативна
Ключова дума Пелин Пелинов
653 ## - Ключова дума – ненормативна
Ключова дума български писатели
653 ## - Ключова дума – ненормативна
Ключова дума литературна критика
653 ## - Ключова дума – ненормативна
Ключова дума българска литература
659 ## - Тематичен бюлетин
Тематичен бюлетин Н
852 ## - Местоположение
Форматна сигнатура Цб 272612
856 4# - Електронен адрес и достъп
Електронен формат pdf - файл
Път до файла /url/
856 4# - Електронен адрес и достъп
Електронен формат pdf - файл
Път до файла /url/
942 ## - АРТИКУЛИ
Вид на библиотечния материал Книги
Скрит в OPAC Не
944 ## - СЪЗДАВАНЕ И РЕДАКЦИЯ на ЗАПИСА
Създаване/Редакция Създаване
Дата на регистрацията/редакция 11.02.2015
Статус, дата на статуса ф /
Служител, извършил регистрацията/редакцията Виолета_Тройчева
944 ## - СЪЗДАВАНЕ И РЕДАКЦИЯ на ЗАПИСА
Създаване/Редакция Редакция
Дата на регистрацията/редакция 25.09.2015
Статус, дата на статуса ф /
Служител, извършил регистрацията/редакцията Пенка_Димитрова
999 ## - СИСТЕМНИ КОНТРОЛНИ НОМЕРА
Koha biblionumber 163584
Koha biblioitemnumber 163584
Наличности
Код за отписване Код за изгубен артикул Източник на класификационната схема Код за повреда Коз за рестрикции Код за отдаване Артикулен № Име на библиотеката - собственик Име на библиотеката, в която се намира в момента Статус (Текущо местоположение) Дата на вписване в системата Местоположение - отдел Цена в лева Инвентарен номер Систематично азбучна сигнатура Баркод Номер на екземпляра Цена в евро Служебна бележка Служебен тип на артикула
  Не е изгубен Universal Decimal Classification Не е повреден без рестрикции заемане за дома 274356 Регионална библиотека "Любен Каравелов" Русе Регионална библиотека "Любен Каравелов" Русе Заемна - подръчен фонд 2015-02-20 Заемна - подръчен фонд 18.00 120000785590 П 821.163.2.09(092)/П 33 120000785590 1 9.20 Дост: DA Вид: А N: 5 Дата: 20.02.2015 Дата инв: 07.02.2018 Бележки инв: П2018 Книги
  Не е изгубен   Не е повреден без рестрикции ползва се в читалня 274357 Регионална библиотека "Любен Каравелов" Русе Регионална библиотека "Любен Каравелов" Русе Хранилище 2015-09-24 Хранилище 18.00 120000792962 Цб 272612 120000792962 2 9.20 Дост: Dp Вид: Д N: 29 Дата: 01.07.2015 Книги
Vip Innovations Ltd, Rousse, Bulgaria 2025